00566nam a2200193Ia 4500003000900000008004100009020001800050040001600068080002000084100001400104245007800118260003800196300001500234490005400249650001300303650001100316650002300327650002200350IN-BaIIA211028s9999 xx 000 0 eng d a0-471-57538-0 cIIA Library a621.396.96bMOT aHarold, M 0aAntennas for radar and communicationsba polarimetric approachcM. Harold aNew YorkbJohn Wiley & Sonsc1992 axii, 521p. aWiley series in microwave and optical engineering aAntennas aArrays aBroadband antennas aWave polarization